| 000 | 01104nam a2200241Ia 4500 | ||
|---|---|---|---|
| 001 | 15086 | ||
| 003 | GE_BSU | ||
| 008 | 181216s||||||||xx |||||||||||||| ||und|| | ||
| 020 | _a9789941015243 | ||
| 040 | _cGE_BSU | ||
| 080 | _a314(075.8) | ||
| 245 | _aდემოგრაფია | ||
| 245 | _bსახელმძღვანელო. ილია ჭავჭავაძის სახ. უნ-ტი | ||
| 245 | _cშემდგ. გიორგი წულაძე, ნიკა მალაფერიძე, ავთ. სულაბერიძე. მთარგმნ. თამაზ ზუბიაშვილი სა სხვ. რედ. გ. ლორთქიფანიძე | ||
| 250 | _aმე–2 გამოც.გადამუშ. და დამატ. | ||
| 260 | _aთბილისი | ||
| 260 | _bი.ჭავჭავაძის სახ.-ფო უნ-ტის სტ. | ||
| 260 | _c2009 | ||
| 300 | _a392გვ.28სმ. | ||
| 300 | _eბიბლიოგრ.:გვ.317-325 | ||
| 653 | _aდემოგრაფია | ||
| 942 | _cBK | ||
| 999 |
_c48204 _d48204 |
||